Quiz Culture G. (5) - Statistiques

Statistiques générales
  • Ce quiz a été pris 96 fois
  • Le résultat moyen est 7 sur 20
Statistiques - réponses
Réponse % Correct
Quelle bataille historique a eu lieu en 1515 ? Marignan
74%
Fondateur de la psychanalyse, le prénom de Freud était ? Sigmund
64%
Au bout d'un an de mariage, un couple fête ses noces de ? Coton
62%
En sport, quelle ville est notamment représentée par le club de Galatasaray ? Istanbul
59%
Aujourd'hui mot associé à Internet, sur quelle place le peuple et l'assemblée discutaient des affaires publiques dans l'antiquité romaine ? Forum
58%
Quel club légendaire joue ses matchs à domicile dans le stade d'Anfield ? Liverpool
52%
Quel célèbre écrivain né à Prague est l'auteur de "la métamorphose" ? Kafka
42%
Dans les 101 Dalmatiens, comment s'appelle le père des chiots ? Pongo
35%
Dans quelle comédie de 2006 avec Omar Sy ou encore Marilou Berry, Jean-Paul Rouve est il directeur d'une colonie de vacances ? Nos jours heureux
32%
Quelle est la capitale de la Tanzanie ? Dodoma
31%
Quel cocktail brésilien est composé de cachaça, de citron vert et de sucre ? Caipirinha
28%
En quelle année l'esclavage a-t-il officiellement été aboli ? 1848
27%
A quel aliment peut on associer la variété arborio ? Riz
19%
Quelle groupe chantait au Bataclan le soir des attentats du 13 Novembre 2015 ? Eagles of death metal
17%
Spécialités de la cuisine polonaise, quelle sorte de pâtes sont les Pierogi ? Raviolis
15%
Sous quel nom le journal "Le parisien" est-il diffusé sur le reste du territoire national ? Aujourd'hui en France
12%
Quelle ile de la baie de Venise est réputée pour ses maisons colorées ? Burano
12%
Quelle plante a donné son nom à une couleur rose violacée ? Fuchsia
10%
Avec qui Julien Doré interprète-t-il "Larme fatale" ? Eddy de Pretto
9%
Quelle ancienne gagnante de l'émission Top Chef est revenue en 2024 en tant que chef de brigade ? Stéphanie Le Quellec
7%
Aucun quiz correspondant
Distribution des résultats
% des personnes avec chaque résultat
Percentile par nombre de réponses
Votre historique - résultats
Vous n’avez pas pris ce quiz